Liverpool CC v Rosemary Chavasse Ltd (Record no. 62203)
[ view plain ]
| 000 -LEADER | |
|---|---|
| fixed length control field | 00736cam a2200193 4500 |
| 001 - CONTROL NUMBER | |
| control field | X103554 |
| 008 - FIXED-LENGTH DATA ELEMENTS--GENERAL INFORMATION | |
| fixed length control field | 000000n2000 000 0 eng u |
| 035 ## - SYSTEM CONTROL NUMBER | |
| System control number | (Sirsi) u103554 |
| 245 ## - TITLE STATEMENT | |
| Title | Liverpool CC v Rosemary Chavasse Ltd |
| 260 ## - PUBLICATION, DISTRIBUTION, ETC. | |
| Date of publication, distribution, etc. | 2000 |
| 490 ## - SERIES STATEMENT | |
| Series statement | New Property Cases |
| Volume/sequential designation | [1999] NPC 115 |
| 520 ## - SUMMARY, ETC. | |
| Summary, etc. | Local Government Act 1972. Power of officials to bind council by entering into a contract for the sale of land. Authority conferred by resolution of subcommittee. TAKEN FROM JOURNAL HEADNOTE. NO PHOTOCOPYING ALLOWED. |
| 650 ## - SUBJECT ADDED ENTRY--TOPICAL TERM | |
| Topical term or geographic name entry element | LIVERPOOL CC V ROSEMARY CHAVASSE LTD |
| 650 ## - SUBJECT ADDED ENTRY--TOPICAL TERM | |
| Topical term or geographic name entry element | LOCAL GOVERNMENT ACT 1972 |
| 650 ## - SUBJECT ADDED ENTRY--TOPICAL TERM | |
| Topical term or geographic name entry element | CONVEYANCING |
| 650 ## - SUBJECT ADDED ENTRY--TOPICAL TERM | |
| Topical term or geographic name entry element | SALE OF LAND |
| 690 ## - LOCAL SUBJECT ADDED ENTRY--TOPICAL TERM (OCLC, RLIN) | |
| Topical term or geographic name as entry element | PROPERTY-PROPERTY DEVELOPMENT |
| 942 ## - ADDED ENTRY ELEMENTS (KOHA) | |
| Suppress in OPAC | 0 |
| Withdrawn status | Lost status | Source of classification or shelving scheme | Damaged status | Not for loan | Home library | Current library | Shelving location | Date acquired | Total Checkouts | Full call number | Barcode | Date last seen | Copy number | Price effective from | Koha item type |
|---|---|---|---|---|---|---|---|---|---|---|---|---|---|---|---|
| Dewey Decimal Classification | London | London | Journal article | 13/01/2000 | X103554 | 103554-1001 | 06/08/2019 | 1 | 06/08/2019 | Law report |